|
|
|
|
| LEADER |
00000nta a2200000 i 4500 |
| 001 |
dolg34092 |
| 005 |
20210709062425.0 |
| 008 |
210709suuuu hu om 000 hun d |
| 040 |
|
|
|a BGE Dolgozattár Repozitórium
|b hun
|
| 041 |
|
|
|a hu
|
| 100 |
1 |
|
|a Szautner Máté Miklós
|
| 245 |
1 |
0 |
|a Egy webshop forgalmának növelése folyamatoptimalizálással
|b Hogyan hat vissza a folyamatoptimalizálás az értékesítés volumenére?
|c Szautner Máté Miklós
|h [elektronikus dokumentum]
|
| 695 |
|
|
|a Webshop
|
| 695 |
|
|
|a E-kereskedelem
|
| 700 |
1 |
|
|a Nincs adat Nincs adat
|e ths
|
| 856 |
4 |
0 |
|u http://dolgozattar.uni-bge.hu/34092/1/D_16213_ABUS5X%20-%20Szautner%20M%C3%A1t%C3%A9%20Mikl%C3%B3s.pdf
|z Dokumentum-elérés
|